| 000 | 00394nam a22001577a 4500 | ||
|---|---|---|---|
| 003 | OSt | ||
| 008 | 240224b |||||||| |||| 00| 0 eng d | ||
| 020 | _a9780875847160 | ||
| 082 |
_a658.4012 _bHAC |
||
| 100 | _aHAMEL,Gary | ||
| 245 | _aCompeting for the Future | ||
| 260 |
_aUSA: _bHarvard Business School Press, _c1994. |
||
| 300 | _axxi,357p. | ||
| 650 | _aGeneral Books | ||
| 942 |
_2ddc _cREF |
||
| 999 |
_c12784 _d12784 |
||